| 000 | 00394nam a2200169Ia 4500 | ||
|---|---|---|---|
| 005 | 20250423100421.0 | ||
| 008 | 250422s9999 xx 000 0 und d | ||
| 020 | _a978-029-015-X | ||
| 100 | _aDavid Jowitt | ||
| 245 | 0 | _aOral English For Senior Secondary Schools | |
| 260 | _aIbadan | ||
| 260 | _bSpectrum Book Ltd | ||
| 260 | _c1996 | ||
| 300 | _a75 p | ||
| 650 | _aOral | ||
| 942 | _cBK | ||
| 999 |
_c33242 _d33242 |
||